Devinez la petite pâtisserie par sa photo - Statistiques

Statistiques générales
  • Ce quiz a été pris 2 889 fois
  • Le résultat moyen est 11 sur 20
Statistiques - réponses
Par images Réponse % Correct
Pain au chocolat
100%
Madeleine
94%
Gaufre
93%
Paris-brest
86%
Mille-feuille
80%
Religieuse
79%
Chouquette
78%
Cannelé
74%
Bretzel
70%
Chausson aux pommes
58%
Rose des sables
57%
Palmier
54%
Opéra
53%
Corne de gazelle, Tcharek
40%
Salambo
38%
Loukoum
32%
Tartelette aux framboises
11%
Zlabia, Jalebi
4%
Dorayaki
3%
Rousquille
3%
Aucun quiz correspondant
Distribution des résultats
% des personnes avec chaque résultat
Percentile par nombre de réponses
Votre historique - résultats
Vous n’avez pas pris ce quiz